00712nam a22002177a 450000500170000001000140001702000100003103500130004103700130005408200140006710000200008124500700010126000470017127000220021830000220024065000250026270000250028794200280031299900170034095201370035720100809154811.0 aENG-99122 c50.00 aEN-82654 bDBAD/PUB a686.22544 aGopu Ramu99575 aPagemaker photoshop coreldraw /cby Gopu Raju [and] A. Ravi Kiran aVijaywadabSri Balaji Publicationsc(200?) bVijaywadae520002 a144p.c22cm (pbk) aMicrosoft Word99576 aKiran, A. Ravi99554 2ddccENh686.22544mGOP c40426d40426 001040718NFICaDBADbDBADd2010-08-09eDBAD/PUBg50.00l0o686.22544 GOPpEN-82654r2010-08-09 00:00:00t1v50.00w2010-08-09yEN